LEADER 01033nam0-2200325---450- 001 990009555510403321 005 20120412114921.0 010 $a88-464-6618-7 035 $a000955551 035 $aFED01000955551 035 $a(Aleph)000955551FED01 035 $a000955551 100 $a20120412d2005----km-y0itay50------ba 101 0 $aita 102 $aIT 105 $aa-------001yy 200 1 $aEconomia generale$eeconomia di mercato e dell'impresa, economia pubblica e politica economica, economia internazionale, economia dell'ingegneria: valutazione e scelta degli investimenti privati e pubblici$fNino Luciani 210 $aMilano$cFrancoAngeli$d2005 215 $a518 p.$cill.$d23 cm 225 1 $aEconomia$iSez. 1$v56 610 0 $aEconomia 676 $a330$v22$zita 700 1$aLuciani,$bNino$0112733 801 0$aIT$bUNINA$gREICAT$2UNIMARC 901 $aBK 912 $a990009555510403321 952 $aCollez. 643 (56)$b47106$fFSPBC 959 $aFSPBC 996 $aEconomia generale$9853679 997 $aUNINA LEADER 03215nam 2200733 450 001 9910787734703321 005 20230803032846.0 010 $a1-61451-355-4 024 7 $a10.1515/9781614513551 035 $a(CKB)2670000000519659 035 $a(EBL)1184373 035 $a(SSID)ssj0001112348 035 $a(PQKBManifestationID)11636882 035 $a(PQKBTitleCode)TC0001112348 035 $a(PQKBWorkID)11161719 035 $a(PQKB)11599467 035 $a(MiAaPQ)EBC1184373 035 $a(DE-B1597)208481 035 $a(OCoLC)885389309 035 $a(OCoLC)948655575 035 $a(DE-B1597)9781614513551 035 $a(Au-PeEL)EBL1184373 035 $a(CaPaEBR)ebr10838319 035 $a(CaONFJC)MIL574257 035 $a(OCoLC)870590062 035 $a(EXLCZ)992670000000519659 100 $a20131122h20132013 uy| 0 101 0 $aeng 135 $aur|n|---||||| 181 $ctxt 182 $cc 183 $acr 200 14$aThe inscriptions of Nabopolassar, Ame?l-Marduk and Neriglissar /$fRoci?o Da Riva 210 1$aBerlin :$cDe Gruyter,$d[2013] 210 4$dİ2013 215 $a1 online resource (252 p.) 225 1 $aStudies in ancient Near Eastern records,$x2161-4415 ;$vvolume 3 300 $aDescription based upon print version of record. 311 $a1-61451-587-5 320 $aIncludes bibliographical references and indexes. 327 $aIntroduction: The royal inscriptions as historical sources; The contents of the inscriptions; Style and composition of the inscriptions : intertextuality in the texts of Nabopolassar and Neriglissar; Archaeology and inscriptions : material supports and find-spots of the inscriptions -- The inscriptions of Nabopolassar -- The inscriptions of Amel-Marduk -- The inscriptions of Neriglissar -- Glossary -- Concordance -- List of photographs. 330 $aThis volume will include critical and collated editions of all the inscriptions of the 1st-millennium Babylonian kings Nabopolassar (626?605), Amel-Marduk (biblical Evil-Merodach, 561?560), and Neriglissar (559?556). The editions will be preceded by an in-depth study and followed by a glossary and concordance of the inscriptions as well as complete indexes of toponyms, anthroponyms, and theonyms. The volume includes a CD-ROM with high-definition full-color digital images of the inscriptions. 410 0$aStudies in ancient Near Eastern records ;$vv. 3. 606 $aInscriptions$zIraq$zBabylonia 606 $aBuildings$zIraq$zBabylonia$xHistory$vSources 607 $aBabylonia$xKings and rulers$vSources 607 $aBabylonia$xAntiquities 607 $aBabylonia$xReligious life and customs$vSources 610 $aAkkadian texts. 610 $aAssyriology. 610 $aNeo-Babylonian Period. 610 $aroyal inscriptions. 615 0$aInscriptions 615 0$aBuildings$xHistory 676 $a935/.504 686 $aEM 2650$qSEPA$2rvk 700 $aDa Riva$b Roci?o$0674705 801 0$bMiAaPQ 801 1$bMiAaPQ 801 2$bMiAaPQ 906 $aBOOK 912 $a9910787734703321 996 $aInscriptions of Nabopolassar, Am?l-Marduk and Neriglissar$91766615 997 $aUNINA